Irish towns and cities: interesting facts - Statistics

General Stats
  • This quiz has been taken 24 times
  • The average score is 9 of 15
Answer Stats
Hint Answer % Correct
This city's name comes from the Gaelic corcaigh, meaning "marsh". Cork
95%
Once known as “The City of Sieges" due to all the battles in the 1600s, this poetic city is the country's third-largest. Limerick
74%
The name of this county town comes from the Scandinavian "Waesfjord". In Gaelic, however, it is called Loch Garman. Wexford
74%
This city's O'Connell Bridge is wider than it is long, the only such road bridge in Europe. Dublin
68%
Founded by the Vikings in 914 AD, this south-eastern city is Ireland's oldest. Waterford
68%
Lying on the River Corrib, this west coast city was built under King Tairrdelbach Ua Conchobair in 1124. Galway
63%
The Battle of the Boyne took place near this town in County Louth. Drogheda
58%
In the First Desmond Rebellion in 1569, Irishmen unsuccessfully besieged this inland city in the province of Munster. Kilkenny
58%
Irish revolutionary Wolfe Tone was captured in this Donegal town. Letterkenny
58%
This town in Co. Cork hosted the Eurovision song contest in 1993. Millstreet
58%
1577, Irish rebel Lord Rory Oge O'More set fire to this town, the largest in Kildare. Naas
58%
This Co. Meath town, dating back to 1172, is the ninth-largest settlement in the republic. Navan
53%
It is possible to see Snowdonia from the local hill here, on a clear day. Wicklow
47%
The Norman invasion of Ireland began in 1169, near this Wexford village. Bannow
42%
This Dublin satellite town is the 5th-largest settlement in the country. Tallaght
42%
No matching quizzes found
Score Distribution
Percent of People with Each Score
Percentile by Number Answered
Your Score History
You have not taken this quiz